| 000 | 00764nam a2200253Ia 4500 | ||
|---|---|---|---|
| 003 | OSt | ||
| 005 | 20221005111650.0 | ||
| 006 | a|||||r|||| 00| 0 | ||
| 007 | ta | ||
| 008 | 221004b |||||||| |||| 00| 0 hin d | ||
| 024 | _a109057 | ||
| 037 | _cTextual | ||
| 040 |
_aCRL _cCRL _bhin |
||
| 041 |
_2hin _ahin |
||
| 082 | _aO155,1NSH,1, L3 | ||
| 100 | _aशास्त्री, श्यामला | ||
| 245 | 0 | _aमुरली | |
| 246 | _aMuralī | ||
| 260 |
_aपुणे _bके. प्रभा भारत _c1973 |
||
| 300 |
_a88पृ0 _ccm. |
||
| 650 | _aहिन्दी साहित्य | ||
| 942 |
_hO155,1NSH,1, L3 _cTEXL _2cc |
||
| 999 |
_c1022508 _d1022508 |
||